01159nam a2200193Ia 4500001001100000003001000011008004100021040002500062041001300087100002900100245005300129250001100182260009000193300001200283500026000295501011400555520026000669650003600929L200-54534IT-CnALBA170116s9999||||xx |||||||||||||| ||und|| aIT-CnALBAcIT-CnALBA aITALIANO aRUINI CAMILLO, CARDINALE 0aLA PARROCCHIA IN UN'ECCLESIOLOGIA DI COMUNIONE.  a1a ed. a BOLOGNA - NAPOLIbDEHONIANE EDIZIONI c1995 [1° Ed.:1995 - Ed.Ling.Originale: 1995] a190 p.  aCURATORE CIOLA N. PARROCCHIA TEMA TEOLOGICO. NUOVA EVANGELIZZAZIONE. TRASFORMAZIONI DELLA PARROCCHIA NEL CONTESTO SOCIALE ATTUALE. FORME STORICHE DELLA CURA DELLE ANIME. SENSI M. PARROCCHIE A CONFRONTO. SCABINI P. RIFLESSIONE DOGMATICA SULLA CHIESA. CANOB aSocietà San Paolo EM - Piazza San Paolo, 14 - 12051 ALBA (CN) (non commercial uses only) ® Copyright 2017 aCURATORE CIOLA N. PARROCCHIA TEMA TEOLOGICO. NUOVA EVANGELIZZAZIONE. TRASFORMAZIONI DELLA PARROCCHIA NEL CONTESTO SOCIALE ATTUALE. FORME STORICHE DELLA CURA DELLE ANIME. SENSI M. PARROCCHIE A CONFRONTO. SCABINI P. RIFLESSIONE DOGMATICA SULLA CHIESA. CANOB aRELIGIONE - RELIGIONE CRISTIANA